MDQL
is popping MORE tags! Check the
thread
!
Quizzes
Events
Quiz Creation
Community
Videos
Private Events
Remove Ads
Sign In
Join for FREE
Feedback
Dark Mode
Quiz Categories
Sports
Geography
Music
Movies
Television
Just For Fun
Miscellaneous
History
Literature
Language
Science
Gaming
Entertainment
Religion
Holiday
For Kids
Quiz Lab
Recent
Popular Today
Quiz Kudos Today
Editor Picks
Curator Picks
Quizzes by...
Day
Popularity
Type
Ratings
Length
Year
Community
Subscriptions
Recent Discussions
Orange Saloon
Badges
Playlists
Quests
Create
Leaderboards
Showdown
Live 5
Trivia Bingo
Activity
Puzzle Library
Sporcle Events
Private Events
Virtual Trivia
Globe League
Become a Host
Pub Owners
SporcleCon
Opinionation
Our Games
Videos
Blog
Mobile Apps
Partnerships
Remove Ads and Go Orange
Feedback
Miscellaneous
Crossword
General Knowledge
Baby Names
Logo
Food
Cars
Numbers
Grab Bag
University
College
Popular
Company
Slogans
Restaurants
Justice
Letter
Miscellaneous
Crossword
General Knowledge
Baby Names
Logo
Food
Cars
Numbers
Grab Bag
University
College
Popular
Company
Slogans
Restaurants
Justice
Letter
Random Quiz
Search Sporcle
×
Quiz Lab
Quiz Lab
Miscellaneous
railroad
Type in answers that appear in a list
Type in answers that appear in a list
Classic
Best Score? Go Orange.
Railroad names by their reporting mark Stats
Can you name the Railroad names by reporting mark?
By
Brunswick23Beast
9m
22 Questions
882 Plays
882 Plays
882 Plays
Comments
Comments
Give Quiz Kudos
Give Quiz Kudos
-
- Ratings
hide this ad
Replay
Link that replays current quiz
Next Quiz
Link to next quiz in quiz playlist
You Got
0%
They Got
Avg Score
80%
Avg Friend Score
Upgrade to see
Score Distribution
Jump to the score distribution portion of the page
Score
0/22
Timer
09:00
0
Plays Today
Reporting Mark (name abbreviation)
Full Name
% Correct
NS
Norfolk Southern
96%
UP
Union Pacific
95.7%
CP or CP Rail
Canadian Pacific
91.4%
BNSF
Burlington Northern Santa Fe
90.8%
NYC
New York Central
90.8%
B & O
Baltimore and Ohio
90.4%
WP
Western Pacific
89.3%
KCS
Kansas City Southern
88.1%
NP
Northern Pacific
86.5%
RI or ROCK
Rock Island
85.9%
PRR
Pennsylvania Railroad
85.8%
Reporting Mark (name abbreviation)
Full Name
% Correct
GN
Great Northern
83.8%
NW
Norfolk & Western
82.4%
IC
Illinois Central
79.9%
MP
Missouri Pacific
79.8%
NH
New Haven
77%
PC
Penn Central
76.8%
LV
Lehigh Valley
71.8%
RDG
Reading
71.2%
PLE or P&LE
Pittsburgh & Lake Erie
56.5%
MEC
Maine & Central
49.9%
CONRAIL or CR
Consolidated Rail Corporation
49.2%
Quiz Playlist
Details
Report
Send in Message
Add To Playlist
Classic:
Type in answers that appear in a list
Quiz Source
Last Updated: Feb 16, 2017
Quiz Scoreboard
CHALLENGE
Sign Up to Join the Scoreboard
Show All
Scores
Hide
Comments
May contain spoilers
Recently Published
Image Sorting: Flags VI
by Barbecue
Geography
2m
Find the 'City' Movie
by crazypaving
Movies
60s
Colored Red Africa Blitz
by spor1
Geography
45s
More to Explore
Quiz From the Vault
Featured Blog Post
14 Easter Pick-up Lines to Find Eggs With
hide this ad
You Might Also Like...
Tags
Abbreviation
area
full
mark
railroad
Reporting
Service
Today's Top Quizzes in Miscellaneous
Browse Miscellaneous
hide this ad
Top Contributed Quizzes in Miscellaneous
1
The JOE quick-fire general knowledge quiz: Day 174
2
5-to-1: Fast Food
3
9x9 Crossword: Disney Movie Titles
4
9x9 Crossword: Charlie and the Chocolate Factory
5
The JOE quick-fire general knowledge quiz: Day 173
6
9x9 Crossword: Actors
7
9x9 Crossword: 2022 Movies
8
9x9 Crossword: The Simpsons
9
9x9 Crossword: Flags
10
9x9 Crossword: Pixar Movie Titles
Explore More
Trending Topics
Kpop
Crossword
Harry Potter
Anime
Marvel
NBA
Disney
Song
Pokémon
Soccer
The Office
NFL
WWE
Puzzle
Country
hide this ad
More By:
Brunswick23Beast
Quiz
Plays
Rating
Category
Featured
Created
Railroad names by their reporting mark
882
4.60
Miscellaneous
Jan 30, 2010
MLB teams without a World Series win
366
3.13
Sports
Dec 31, 2009
Longest streak of losing seasons
151
2.50
Sports
Nov 27, 2009
Musicians by their real name
132
5.00
Music
Feb 27, 2010
Garden State Parkway by exit
112
4.00
Just For Fun
Jul 10, 2010
Go to Creator's Profile
Score Distribution
Quiz Creator Spotlight
Brunswick23Beast
Follow
Send a Message
Quizzes Created
-
Created Quiz Play Count
-
More By This Creator
Popular Quizzes Today
1
Colored Red Africa Blitz
2
Find the US States - No Outlines Minefield
3
Find the 'City' Movie
4
5x2 Blitz: Bands
5
The Countries of the World
6
Find the US States
7
Find the Countries of Europe - No Outlines Minefield
8
US States
More Miscellaneous Quizzes
It's the Surname Match Game!
Published
Trending Quizzes
Colored Red Europe Blitz I
Colored Red Europe Blitz II
Colored Red Africa Blitz II
Colored Red Europe Blitz III
Colored Red Africa Blitz III
Recently Updated
How Do You Spell That?
pecheneg
Godzilla Movies
pecheneg
Grab Bag: 4-10 Letters
pecheneg
2024 March Madness Bracket
pecheneg
Famous TV Couples
Peacemaker
Champions League XIs: Real Madrid
pecheneg
Largest US Cities 1790-2010
pecheneg
Rides in Walt Disney World
pecheneg
Most Oscar Losses (Acting)
pecheneg
Beyoncé Albums
pecheneg
Trending Topics
Disney
Marvel
Anime
Crossword
Harry Potter
Kpop
NBA
Soccer
Country
Puzzle
Song
NFL
WWE
The Office
Pokémon
Your Account Isn't Verified!
In order to create a playlist on Sporcle, you need to verify the email address you used during registration. Go to your
Sporcle Settings
to finish the process.
Report this User
Report this user for behavior that violates our
Community Guidelines
.
Details:
Send Report
Go to the Sporcle.com Mobile Site →
Comments